| 000 | 00468nam a22001577a 4500 | ||
|---|---|---|---|
| 005 | 20251201110025.0 | ||
| 008 | 251201b |||||||| |||| 00| 0 eng d | ||
| 020 | _a9966-7121-2-7 | ||
| 050 | _aKSK 479.A473 O38 2006 | ||
| 100 | _aODUNGA GV { LL.B }HONS | ||
| 245 | _aDIGEST ON CIVIL CASE LAW AND PROCEDURE | ||
| 260 |
_aKENYA _bLAW AFRICA PUBLISHING _c2006 |
||
| 300 | _aX,858 | ||
| 500 | _aCIVIL LAW-KENYA DIGESTS CIVIL PROCEDURE KENYA DIGESTS | ||
| 942 |
_2lcc _cBK |
||
| 999 |
_c216318 _d216318 |
||